Power System Protection & Switchgear (Record no. 1449)

MARC details
000 -LEADER
fixed length control field 00416nam a2200169Ia 4500
008 - FIXED-LENGTH DATA ELEMENTS--GENERAL INFORMATION
fixed length control field 221030s9999 xx 000 0 und d
020 ## - INTERNATIONAL STANDARD BOOK NUMBER
ISBN 0852267584
041 ## - LANGUAGE CODE
Language code of text/sound track or separate title
082 ## - DEWEY DECIMAL CLASSIFICATION NUMBER
Classification number 105.23
Item number Rav
100 ## - MAIN ENTRY--AUTHOR NAME
Personal name B. Ravindranath
245 #0 - TITLE STATEMENT
Title Power System Protection & Switchgear
260 ## - PUBLICATION, DISTRIBUTION, ETC. (IMPRINT)
Name of publisher New Age International Pub.
Place of publication New Delhi
Year of publication 1996
300 ## - PHYSICAL DESCRIPTION
Number of Pages 444
650 ## - SUBJECT ADDED ENTRY--TOPICAL TERM
Topical Term EE
700 ## - ADDED ENTRY--PERSONAL NAME
Personal name M. Chander
942 ## - ADDED ENTRY ELEMENTS (KOHA)
Koha item type Books
Holdings
Accession Number Cost, normal purchase price Full call number Price effective from Koha item type Withdrawn / writtenoff status Materials specified (bound volume or other part) Damaged status Not for loan Permanent Location Current Location Shelving location Date acquired Lost/ Missing status department
BE 256 150.00 105.23 Rav 10/30/2022 Books   Print     MIET Library, Jammu MIET Library, Jammu BL-Academic Block A, FL-1, CUP-36, SH-2, R-2 12/24/1998   BE